Manifiesto de Monte Cristi. : (Registro nro. 8139)
[ vista simple ]
| 000 -LIDER | |
|---|---|
| fixed length control field | 00582nam a2200181 a 4500 |
| 001 - NÚMERO DE CONTROL | |
| Identificador de número de control | 000028254 |
| 003 - IDENTIFICACDOR DE NÚMERO DE CONTROL | |
| control field | DO-SdBNP |
| 005 - DATE AND TIME OF LATEST TRANSACTION | |
| control field | 20180221104211.0 |
| 007 - CAMPOS FIJOS DE DESCRIPCIÓN FÍSICA | |
| fixed length control field | 000028254 |
| 008 - ELEMENTOS DE LONGITUD FIJA | |
| fixed length control field | 110407s1995 dr a 000 0 spa d |
| 040 ## - FUENTE DE CATALOGACIÓN | |
| Agencia que crea de manera original el registro | BPMSU |
| Idioma de catalogación | spa |
| Agencia que realiza la transcripción | BPMSU |
| 245 00 - MENCIÓN DE TITULO | |
| Título | Manifiesto de Monte Cristi. : |
| Subtítulo | conmemoración de su centenario (1895-1995) /. |
| 260 ## - PUBLICACIÓN, DISTRIBUCIÓN, ETC. (PIE DE IMPRENTA) | |
| Lugar de publicación, distribución, etc | Santo Domingo, : |
| Nombre del editor, distribuidor, etc. | Secretaría de Estado de Educación, Bellas Artes y Cultos, |
| Fecha de publicación, distribución, etc | 1995. |
| 300 ## - DESCRIPCIÓN FÍSICA | |
| Extensión | 37 p. : |
| Otros detalles físicos | il. ; |
| Dimensiones | 22 cm. |
| 942 ## - ADDED ENTRY ELEMENTS (KOHA) | |
| Source of classification or shelving scheme | Dewey Decimal Classification |
| Koha item type | Libros |
| 945 ## - INFORMACIÓN DE PROCESAMIENTO LOCAL | |
| Información de procesamiento local | Inventariado / 2018 VM |
| 956 ## - LOCAL ELECTRONIC LOCATION AND ACCESS (OCLC) | |
| Nombre de host | VMATEO |
| Número de acceso | 10 |
| Información de compresión | 20150807 |
| Inicio de sesión | BPMSU |
| Procesador de solicitud | 00151 |
| Withdrawn status | Lost status | Source of classification or shelving scheme | Damaged status | Not for loan | Collection code | Home library | Current library | Date acquired | Total Checkouts | Barcode | Date last seen | Price effective from | Koha item type | Copy number | Shelving location |
|---|---|---|---|---|---|---|---|---|---|---|---|---|---|---|---|
| Dewey Decimal Classification | Colección Dominicana | Biblioteca Pública Metropolitana Salomé Ureña | Biblioteca Pública Metropolitana Salomé Ureña | 08/07/2015 | BPMSU15080238 | 08/07/2015 | 08/07/2015 | Libros | |||||||
| Dewey Decimal Classification | Colección Dominicana | Biblioteca Pública Metropolitana Salomé Ureña | Biblioteca Pública Metropolitana Salomé Ureña | 08/07/2015 | BPMSU15080239 | 08/07/2015 | 08/07/2015 | Libros | e. 2 | ||||||
| Dewey Decimal Classification | Colección Dominicana | Biblioteca Pública Metropolitana Salomé Ureña | Biblioteca Pública Metropolitana Salomé Ureña | 08/07/2015 | BPMET15080240 | 08/07/2015 | 08/07/2015 | Libros | e. 3 | Audio visual |